Fundamentos de geología general / (Record no. 48973)

MARC details
000 -LEADER
campo de control de longitud fija 00715nam a2200205 i 4500
001 - NÚMERO DE CONTROL
campo de control 48973
003 - IDENTIFICADOR DE NÚMERO DE CONTROL
campo de control ES-MaACL
005 - FECHA Y HORA DE LA ÚLTIMA TRANSACCIÓN
campo de control 20230906161846.0
007 - CAMPO FIJO DE DESCRIPCIÓN FÍSICA--INFORMACIÓN GENERAL
campo de control de longitud fija t|
008 - DATOS DE LONGITUD FIJA--INFORMACIÓN GENERAL
campo de control de longitud fija 030703s1960 sp ||||1| spa d
100 1# - ENTRADA PRINCIPAL--NOMBRE DE PERSONA
Nombre de persona Cornelius, Hans.
9 (RLIN) 40620
245 10 - MENCIÓN DEL TÍTULO
Título Fundamentos de geología general /
Mención de responsabilidad, etc. por Hans Peter Cornelius ; completado por Marta Cornelius-Furlani ; [traducción directa del alemán por José María Rios].
250 ## - MENCION DE EDICION
Mención de edición 2ª ed.
260 ## - PUBLICACIÓN, DISTRIBUCIÓN, ETC.
Lugar de publicación, distribución, etc. Madrid :
Nombre del editor, distribuidor, etc. Alhambra,
Fecha de publicación, distribución, etc. 1960 (
Fabricante Senén Martín)
300 ## - DESCRIPCIÓN FÍSICA
Extensión XV, 410 p., 15 lám. :
Otras características físicas il. ;
Dimensiones 22 cm.
700 1# - ENTRADA AGREGADA--NOMBRE PERSONAL
Nombre de persona Cornelius-Furlani, Marta.
9 (RLIN) 40622
700 1# - ENTRADA AGREGADA--NOMBRE PERSONAL
Nombre de persona Rios, José María.
9 (RLIN) 201465
852 ## - LOCALIZACIÓN
Ubicación ES-MaACL
Número de control de estantería C-18172
Sublocalización o colección R.45051
Holdings
Estatus retirado Estado de pérdida Estado de daño No para préstamo Biblioteca de origen Biblioteca actual Ubicación en estantería Fecha de adquisición Fuente de adquisición Total de préstamos Signatura topográfica completa Código de barras Visto por última vez Precio de reemplazo Tipo de ítem Koha
        Biblioteca del Ateneo de Madrid Biblioteca del Ateneo de Madrid Galería 17/01/2008     C-18172 1051539 23/02/2023 23/02/2023 Libro impreso